|
|
|
|
| LEADER |
00683cam a2200241ua 4500 |
| 008 |
060815t1998||||||||||| 001 ||eng c |
| 020 |
|
|
|a 0-19-855957-7
|
| 041 |
0 |
|
|a eng
|
| 082 |
|
|
|a 547.2
|b PRO/S
|
| 245 |
1 |
0 |
|a Stereoselectivity in organic synthesis /
|
| 250 |
|
|
|a 1st.
|
| 260 |
|
|
|a New York:
|b OUP,
|c 1998.
|
| 300 |
|
|
|a 89p..
|
| 362 |
1 |
|
|a 1998.
|
| 365 |
|
|
|a Rs.275/-
|e pb
|
| 500 |
|
|
|a Includes index.
|
| 650 |
|
|
|a Chemical reactions
|
| 650 |
0 |
|
|a Organic chemistry
|
| 650 |
0 |
|
|a Chemistry
|
| 700 |
0 |
2 |
|a Procter,, Garry
|
| 942 |
|
|
|c BK
|
| 999 |
|
|
|c 263
|d 263
|
| 952 |
|
|
|0 0
|1 0
|4 0
|6 547_200000000000000_PRO
|7 0
|9 281
|a KUCL
|b KUCL
|d 2014-05-23
|l 0
|o 547.2 PRO/
|p 09667
|r 2014-05-23
|w 2014-05-23
|y BK
|